| 000 | 00552nac a22001571u 4500 | ||
|---|---|---|---|
| 008 | 100719t le|||||r|||| 000 0 ara d | ||
| 082 |
_a188 _bب د و |
||
| 245 |
_aفلسفة العصور الوسطى / _cعبد الرحمن بدوي |
||
| 250 | _aط3 | ||
| 260 |
_aالكويت : _bوكالة المطبوعات؛ _aبيروت : _b،دار القلم _c1979. |
||
| 300 |
_a195 ؛ص _c24 سم |
||
| 511 | _aCatalogued by: Sara | ||
| 541 | _aالف باء؛ | ||
| 650 |
_aفلسفة العصور الوسطي _916480 |
||
| 942 |
_cBB _k188 ب د و _2ddc |
||
| 999 |
_c5785 _d5785 |
||